Shiver /

That night, Samantha Jones was doing what she always did: just trying to get by. Left to make her own way on the mean streets of East St. Louis, the pretty twenty-three-year-old single mother supported herself and her son as best she could by repo-ing cars. When she hooked her junker of a tow truck...

Full description

Bibliographic Details
Main Author: Robards, Karen
Format: Book
Language:English
Published: New York : Gallery Books, 2012.
Edition:1st Gallery Books hardcover ed.
Subjects:

MARC

Tag First Indicator Second Indicator Subfields
LEADER 00000cam a2200000 a 4500
001 in00002783985
005 20151202172116.0
008 121002s2012 nyu 000 1 eng
010 |a  2012037437 
020 |a 9781451678673 (hbk.) 
020 |a 1451678673 (hbk.) 
020 |z 9781451678680 (pbk.) 
020 |z 1451678681 (pbk.) 
020 |a 9781451678697 (ebk.) 
020 |a 145167869X (ebk.) 
035 |a (OCoLC)ocn779266210 
035 |a (OCoLC)779266210 
040 |a DLC  |b eng  |c DLC  |d IG#  |d BTCTA  |d BDX  |d FN4  |d IEB  |d YDXCP  |d OCLCO  |d UtOrBLW 
043 |a n-us-mo 
049 |a TXAM 
050 0 0 |a PS3568.O196  |b S55 2012 
082 0 0 |a 813/.54  |2 23 
100 1 |a Robards, Karen. 
245 1 0 |a Shiver /  |c Karen Robards. 
250 |a 1st Gallery Books hardcover ed. 
264 1 |a New York :  |b Gallery Books,  |c 2012. 
300 |a 385 pages ;  |c 24 cm. 
336 |a text  |b txt  |2 rdacontent 
337 |a unmediated  |b n  |2 rdamedia 
338 |a volume  |b nc  |2 rdacarrier 
520 |a That night, Samantha Jones was doing what she always did: just trying to get by. Left to make her own way on the mean streets of East St. Louis, the pretty twenty-three-year-old single mother supported herself and her son as best she could by repo-ing cars. When she hooked her junker of a tow truck up to the BMW she'd been sent to haul in, the last thing she expected was to find a beaten, bloody man in the in the trunk--or to be catapulted into a terrifying fight to survive. Pantrero was minutes away 
650 0 |a Single mothers  |v Fiction. 
650 0 |a Violent crimes  |v Fiction. 
650 0 |a Drug traffic  |v Fiction. 
650 0 |a Abduction  |v Fiction. 
651 0 |a Saint Louis (Mo.)  |v Fiction. 
655 7 |a Romantic suspense fiction.  |2 lcgft 
994 |a C0  |b TXA 
948 |a cataloged  |b h  |c 2012/12/20  |d c  |e blrosas  |f 12:53:42 pm 
999 |a MARS 
999 f f |s 377d70fd-86bb-3d55-92bd-c5dc0d71c227  |i b09acbac-bd7d-3711-915e-49cc0c71c490  |t 0 
952 f f |p normal  |a Texas A&M University  |b College Station  |c Sterling C. Evans Library  |d Evans: Library Stacks  |t 0  |e PS3568.O196 S55 2012  |h Library of Congress classification  |i unmediated -- volume  |m A14841655578 
998 f f |a PS3568.O196 S55 2012  |t 0  |l Evans: Library Stacks